MARC

LEADER 00000nam0a2200000 4500
001 233386
005 20231101231238.0
035 |a (RuTPU)RU\TPU\book\254464 
035 |a RU\TPU\book\211000 
090 |a 233386 
100 |a 20110323d1971 m y0rusy50 ca 
101 0 |a rus 
102 |a RU 
105 |a ac z 000zy 
200 1 |a Хроника одного путешествия, или повесть о первом луноходе  |f В. С. Губарев 
210 |a Москва  |c Молодая гвардия  |d 1971 
215 |a 80 с.  |c ил. 
606 1 |a Космонавтика  |2 stltpush  |3 (RuTPU)RU\TPU\subj\15890  |9 42093 
606 1 |a Космические исследования  |x Аппаратура  |2 stltpush  |3 (RuTPU)RU\TPU\subj\15790  |9 42000 
610 1 |a космонавтика 
610 1 |a космодромы 
610 1 |a СССР 
610 1 |a история 
610 1 |a автоматические станции 
610 1 |a луноходы 
675 |a 629.785  |v 3 
700 1 |a Губарев  |b В. С.  |g Владимир Степанович 
801 1 |a RU  |b 63413507  |c 20130304 
801 2 |a RU  |b 63413507  |c 20130313  |g RCR 
942 |c BK